Coca Cola, Pepsi Cola y las políticas de seguridad alimentaria /
שמור ב:
| מחבר ראשי: | |
|---|---|
| פורמט: | Texto |
| נושאים: | |
| תגים: |
הוספת תג
אין תגיות, היה/י הראשונ/ה לתייג את הרשומה!
|
MARC
| LEADER | 00000 a a2200000 04500 | ||
|---|---|---|---|
| 001 | 11845 | ||
| 003 | |||
| 040 | |||
| 100 | |a Shiva, Vandana | ||
| 245 | |a Coca Cola, Pepsi Cola y las políticas de seguridad alimentaria / |c Vandana Shiva | ||
| 650 | |a IDUSTRIAS DE ELABORACION DE BEBIDAS | ||
| 650 | |a EXPLOTACION DE RECURSOS | ||
| 650 | |a CONTAMINACION DEL AGUA | ||
| 650 | |a VALOR NUTRITIVO | ||
| 650 | |a MOVILIZACION SOCIAL | ||
| 650 | |a PARTICIPACION DE LA MUJER | ||
| 650 | |a PARTICIPACION COMUNITARIA | ||
| 650 | |a ESCASEZ DE AGUA | ||
| 650 | |a INDIA | ||
| 773 | |g número 129; páginas 23-26 | ||
| 999 | |c 21062 |d 21062 | ||
